000 01178cam a2200277Ii 4500
001 prideofhealers00hirs
003 CaSfIA
005 20210118212000.0
007 cr||||
008 791030s1978 nyu 000 1 eng d
040 _aBPL
_cBPL
_dOCLCQ
_dCaSfIA
020 _a0553114263
020 _a9780553114263
035 _a(OCoLC)5625089
050 _aPZ4.H67234
_bPr
_aPS3558.I675
082 _a813.54
100 1 _aHirschhorn, Richard Clark.
245 1 2 _aA pride of healers /
_h[electronic resource]
_cRichard Clark Hirschhorn.
260 _aNew York :
_bBantam,
_c1978.
300 _a306 p. ;
_c18 cm.
856 4 1 _uhttp://www.archive.org/details/prideofhealers00hirs
_zFree eBook from the Internet Archive
856 4 2 _uhttp://www.openlibrary.org/books/OL24217280M
_zAdditional information and access via Open Library
942 _cEB
506 _fНеобхідна авторизація на https://archive.org/ (створення облікового запису безкоштовно)
506 _fНеобхідна авторизація на https://openlibrary.org/ (створення облікового запису безкоштовно)
999 _c539033
_d539033